Soft Landings framework (Record no. 115558)

MARC details
000 -LEADER
fixed length control field 00976cai a22002295a 4500
001 - CONTROL NUMBER
control field L158870
008 - FIXED-LENGTH DATA ELEMENTS--GENERAL INFORMATION
fixed length control field 081211s2015 xxk f 000 0 eng d
035 ## - SYSTEM CONTROL NUMBER
System control number (Sirsi) u158870
041 0# - LANGUAGE CODE
Language code of text/sound track or separate title eng
100 1# - MAIN ENTRY--PERSONAL NAME
Personal name Building Services Research and Information Association
245 00 - TITLE STATEMENT
Title Soft Landings framework
Medium [electronic resource]
260 ## - PUBLICATION, DISTRIBUTION, ETC.
Place of publication, distribution, etc. Building Services Research and Information Association
Date of publication, distribution, etc. 2015
520 ## - SUMMARY, ETC.
Summary, etc. Provides free guidance and information on the BSRIA-led process designed to assist the construction industry and its clients deliver better buildings. Helps to solve the performance gap between design intentions and operational outcomes.
590 ## - LOCAL NOTE (RLIN)
Local note KA
650 24 - SUBJECT ADDED ENTRY--TOPICAL TERM
Topical term or geographic name entry element SOFT LANDINGS
650 24 - SUBJECT ADDED ENTRY--TOPICAL TERM
Topical term or geographic name entry element POST OCCUPANCY EVALUATION
650 24 - SUBJECT ADDED ENTRY--TOPICAL TERM
Topical term or geographic name entry element ASSET MANAGEMENT
651 #4 - SUBJECT ADDED ENTRY--GEOGRAPHIC NAME
Geographic name United Kingdom
Chronological subdivision
690 ## - LOCAL SUBJECT ADDED ENTRY--TOPICAL TERM (OCLC, RLIN)
Topical term or geographic name as entry element Construction management
9 (RLIN) 6230
856 48 - ELECTRONIC LOCATION AND ACCESS
Uniform Resource Identifier <a href="https://www.bsria.co.uk/services/design/soft-landings/">https://www.bsria.co.uk/services/design/soft-landings/</a>
Public note View the website at www.bsria.co.uk
942 ## - ADDED ENTRY ELEMENTS (KOHA)
Suppress in OPAC 0
Holdings
Withdrawn status Lost status Source of classification or shelving scheme Damaged status Not for loan Home library Current library Shelving location Date acquired Total Checkouts Full call number Barcode Date last seen Copy number Price effective from Koha item type
    Dewey Decimal Classification     Virtual Virtual Online 27/08/2015   WEBSITE 158870-2001 06/08/2019 1 06/08/2019 Online material